Score 0/17 Timer 04:00
0 Plays Today
Definition Sew Word % Correct
Not stitched by machine.Handsewn
87%
Waste matter removed via sewer.Sewage
80.4%
Party celebrating move to a new home.Housewarming
71.7%
Woman who tends to the home.Housewife
67.4%
1980's medical drama 'St. _________' starring Ed Flanders, Norman Lloyd and William Daniels.Elsewhere
60.9%
Made from rose petals, used for perfume or flavoring.Rosewater
45.7%
Social worker who is assigned to individual clients.Caseworker
41.3%
Striped maple; leatherwood. Named for the largest breed of elk.Moosewood
41.3%
Deserving approval and admiration.Praiseworthy
39.1%
Definition Sew Word % Correct
Pots, pans, utensils.Housewares
34.8%
Sgt. Taggart's partner in 'Beverly Hills Cop.'Rosewood
32.6%
Dwarf shrub used for fuel. Not in the Travolta/Newton-John vehicle, though.Greasewood
26.1%
Gillespie: 'Boy, it would give me a world of satisfaction to _________ you, Virgil.'Horsewhip
23.9%
Where Sonny Corleone was shot.Causeway
21.7%
aka Mare's Tail (conyza canadensis).Horseweed
21.7%
Parasitic plant 'pedicularis' of the snapdragon family (previously thought to have lice).Lousewort
17.4%
Monetary unit of Ghana.Pesewa
17.4%
Remove Ads.
Support Sporcle.
Get the best of Sporcle when you Go Orange. This ad-free experience offers more features, more stats, and more fun while also helping to support Sporcle. Thank you for becoming a member.

You're not logged in!

Compare scores with friends on all Sporcle quizzes.
OR
Log In

Show Comments

Extras

Top Quizzes Today


Score Distribution

Your Account Isn't Verified!

In order to create a playlist on Sporcle, you need to verify the email address you used during registration. Go to your Sporcle Settings to finish the process.

Report this User

Report this user for behavior that violates our Community Guidelines.

Details: